Catálogo
 En Linea

El cultivo del tabaco en Canada y la introducción del tabaco extrangero en dicho mercado. / (Registro nro. 32479)

Detalles MARC
000 -CABECERA
campo de control de longitud fija 00611nam a2200157 a 4500
001 - NÚMERO DE CONTROL
campo de control 000032988
005 - FECHA Y HORA DE LA ÚLTIMA TRANSACCIÓN
campo de control 20200930065945.0
008 - DATOS DE LONGITUD FIJA--INFORMACIÓN GENERAL
campo de control de longitud fija 110805s1925 dr 000 0 spa d
040 ## - FUENTE DE LA CATALOGACIÓN
Centro catalogador/agencia de origen DO-SdBNP
Lengua de catalogación spa
Centro/agencia transcriptor BNPHU
082 ## - NÚMERO DE LA CLASIFICACIÓN DECIMAL DEWEY
Número de clasificación xxx
Número de documento/Ítem R426
110 1# - ENTRADA PRINCIPAL--NOMBRE DE ENTIDAD CORPORATIVA
Nombre de entidad corporativa o nombre de jurisdicción como elemento de entrada República Dominicana
Unidad subordinada Departamento de agricultura
9 (RLIN) 58713
245 13 - MENCIÓN DE TÍTULO
Título El cultivo del tabaco en Canada y la introducción del tabaco extrangero en dicho mercado. /
Mención de responsabilidad, etc. Departamento de agricultura.
260 ## - PUBLICACIÓN, DISTRIBUCIÓN, ETC.
Lugar de publicación, distribución, etc. Santo Domingo :
Nombre del editor, distribuidor, etc. Departamento de agricultura,
Fecha de publicación, distribución, etc. 1925.
300 ## - DESCRIPCIÓN FÍSICA
Extensión 8 p. ;
Dimensiones 17 cm.
500 ## - NOTA GENERAL
Nota general Informe del cónsul general dominicano en Montreal, Canadá
Existencias
Estado de retiro Estado de pérdida Restricciones de uso No para préstamo Código de colección Localización permanente Ubicación/localización actual Ubicación en estantería Fecha de adquisición Número de inventario Total de préstamos Signatura topográfica completa Código de barras Fecha visto por última vez Precio válido a partir de Tipo de ítem Koha Nota pública
      Excluido de préstamo Raros y valiosos Patrimonio Dominicano Patrimonio Dominicano En catalogación 05.08.2011 LF1   xxx R426 32988-10 25.06.2020 25.06.2020 No se presta Perteneció a la biblioteca personal de Carlos Larrazábal Blanco.

Con tecnología Koha